গান্ধী পরিক্রমা / (Record no. 71325)
[ view plain ]
| 000 -LEADER | |
|---|---|
| fixed length control field | 00998nam a2200241 a 4500 |
| 001 - CONTROL NUMBER | |
| control field | 71325 |
| 003 - CONTROL NUMBER IDENTIFIER | |
| rucl marc code | BD-RjUL |
| 005 - DATE AND TIME OF LATEST TRANSACTION | |
| control field | 20211209082112.0 |
| 008 - FIXED-LENGTH DATA ELEMENTS--GENERAL INFORMATION | |
| fixed length control field | 170502s1970 ii a|||| |||| 00| 0 ben d |
| 020 ## - INTERNATIONAL STANDARD BOOK NUMBER | |
| Terms of availability | : TK. 12.50 |
| 035 ## - SYSTEM CONTROL NUMBER | |
| System control number | (BD-RjUL)71541 |
| 040 ## - CATALOGING SOURCE | |
| Original cataloging agency | BD-RjUL |
| Language of cataloging | ben |
| Transcribing agency | BD-RjUL |
| Modifying agency | BD-RjUL |
| 041 ## - LANGUAGE CODE | |
| Language code of text/sound track or separate title | ben |
| 082 ## - DEWEY DECIMAL CLASSIFICATION NUMBER | |
| Edition number | 23 |
| Classification number | 954.035 |
| Author mark and year | GAN 1970 |
| 245 ## - TITLE STATEMENT | |
| Title | গান্ধী পরিক্রমা / |
| Statement of responsibility, etc. | সম্পাদনা, শৈলেশকুমার বন্দ্যোপাধ্যায় |
| 250 ## - EDITION STATEMENT | |
| Edition statement | ২য় সং. |
| 260 ## - PUBLICATION, DISTRIBUTION, ETC. (IMPRINT) | |
| Place of publication, distribution, etc. | কলিকাতা : |
| Name of publisher, distributor, etc. | মিত্র ও ঘোষ, |
| Date of publication, distribution, etc. | ১৯৭০. |
| 300 ## - PHYSICAL DESCRIPTION | |
| Pagination | ৪৫৮ পৃ. : |
| Illustrations | চিত্র. ; |
| Size | ২২ সেমি. |
| 600 ## - SUBJECT ADDED ENTRY--PERSONAL NAME | |
| Personal name | গান্ধী, মহাত্মা |
| Titles and other words associated with a name | ১৮৬৯-১৯৪৮ |
| Geographic subdivision | ভারত |
| Personal name | Gandhi, Mahatma |
| Titles and other words associated with a name | 1869-1948 |
| Geographic subdivision | India |
| 700 ## - ADDED ENTRY--PERSONAL NAME | |
| Personal name | বন্দ্যোপাধ্যায়, শৈলেশকুমার |
| 942 ## - ADDED ENTRY ELEMENTS (KOHA) | |
| Source of classification or shelving scheme | Dewey Decimal Classification |
| Koha item type | Books |
| Lost status | Source of classification or shelving scheme | Damaged status | Not for loan | Collection code | Permanent Location | Current Location | Shelving location | Date acquired | Source of acquisition | Cost, normal purchase price | Total Checkouts | Full call number | Date last seen | Copy number | Koha item type |
|---|---|---|---|---|---|---|---|---|---|---|---|---|---|---|---|
| Dewey Decimal Classification | Not For Loan | Non-fiction | Central Library, University of Rajshahi | Central Library, University of Rajshahi | Reading Room | 09/12/2021 | Author | 12.50 | B 954.035 GAN 1970 | 02/05/2017 | C-1 | Books |